LEADER 01205nam a2200265 u 4500 001 000000108238 003 CaOOAMICUS 005 20071116094254.0 008 071116s2007 it u000 u ita u 020 $z978-88-348-7472-1* 040 $aPUL$bita$dLDB 100 1 $aAmato Mangiameli, Agata C.$0(OLS)http://pul/name/10087 245 10$aCorpi docili, corpi gloriosi /$cAgata C. Amato Mangiameli. 260 $aTorino :$bGiappichelli,$cc2007. 300 $axvii, 144 p. ;$c24 cm. 490 1 $aRecta Ratio : testi e studi di filosofia del diritto.$aQuinta serie ;$v15 504 $aBibliografia in nota. 650 4$aCorpo umano (filosofia).$0(OLS)http://pul/subject/21509 830 0$aRecta Ratio : testi e studi di filosofia del diritto.$nQuinta serie ;$v15.$0(OLS)http://pul/title/132078 850 $aPUL 852 $aPUL$W1$xSL Diritto e Scienze Sociali 3$y79$m340. 01 COLL 1.15$j123268$qDDC 21$B122236$CPULBib$Z2$F122236 $H105450 $82 941 1 $a9 996 $6020$z978-88-348-7472-1*$9(OLS)http://pul/number/136235 996 $6245$aCorpi docili, corpi gloriosi$9(OLS)http://pul/title/136223 996 $6260$aTorino :$bGiappichelli$9(OLS)http://pul/publisher/48244 LEADER 01315nam a2200313 a 4500 001 000000167558 003 CaOOAMICUS 005 20180507161642.0 008 180507s1951 it u000 u ita u 032 $aLibriCat 035 $a10823201 040 $aPUL$bita 100 1 $aBeonio-Brocchieri, Vittorio,$d1902-1979.$0(OLS)http://pul/name/66669 245 13$aLa politica del cristianesimo /$cV. Beonio-Brocchieri. 260 $aMilano :$bUlrico Hoepli,$c1951. 300 $avii, 287 p. ;$b22 cm.$c 490 1 $aStudi giuridici politici economici e sociali 490 1 $aTrattato di storia delle dottrine politiche ;$v04 504 $aNote bibliografiche. 650 4$aPolitica e cultura.$0(OLS)http://pul/subject/8111 830 0$aStudi giuridici politici economici e sociali.$0(OLS)http://pul/title/51373 830 0$aTrattato di storia delle dottrine politiche ;$v04.$0(OLS)http://pul/title/207636 850 $aPUL 852 $aPUL$W1$xDP1 Fondo Dalla Palma$y117$m3 C 72$j163024$qFondi$B195200$CPULBib$Z2$F195200 $HDal2141 $81 941 1 $a1 961 $aPagine mancanti nella prefazione. 996 $6245$aLa politica del cristianesimo$9(OLS)http://pul/title/207635 996 $6260$aMilano :$bUlrico Hoepli$9(OLS)http://pul/publisher/56667